000 00587nam a2200169 i 4500
001 130634
003 ES-MaACL
005 20230906193809.0
007 t|
008 070802s1960 it ||||1| ita d
245 0 3 _aLo stato italiano e le Olimpiadi di Roma /
_c[a cura del] Ministero del turismo e dello spettacolo.
260 _aRoma :
_bEditalia,
_c[1960?]
300 _a250 p., 52 h. de lám. ;
_c26 cm.
611 2 _aJuegos Olímpicos (
_n17º.
_d1960.
_cRoma)
_9906
710 1 _aItalia.
_bMinistero del Turismo e dello Spettacolo.
_95316
852 _aES-MaACL
_jC-41855
_bR.79133
999 _c130634
_d130634